| 000 | 00484nam a22001817a 4500 | ||
|---|---|---|---|
| 003 | MPLRDC | ||
| 005 | 20220104143443.0 | ||
| 008 | 210129b ||||| |||| 00| 0 eng d | ||
| 020 | _a978-986-359-175-7 | ||
| 082 | _a878.6 JIM | ||
| 100 | _aDAVID JIMENEZ | ||
| 245 |
_a被遗忘的亚洲碎片 _c林品桦 译 |
||
| 250 | _a初版 | ||
| 260 |
_a台湾 _b木马文化事业股份有限公司 _c2015 |
||
| 300 | _b203 | ||
| 650 | _a西班牙文学--散文 | ||
| 942 |
_cBK _o878.6 JIM |
||
| 999 |
_c40072 _d40062 |
||